SHL Hockey Teams - Statistics

General Stats
  • This quiz has been taken 171 times
  • The average score is 7 of 14
Answer Stats
Team Name % Correct
Frölunda HC
69%
HV71
69%
Färjestad BK
59%
Malmö Redhawks
56%
Växjö Lakers
56%
Rögle BK
52%
Skellefteå AIK
52%
Timrå IK
51%
Luleå Hockey
48%
Linköping HC
47%
Leksands IF
45%
MoDo Hockey
39%
IK Oskarshamn
38%
Örebro Hockey
32%
No matching quizzes found
Score Distribution
Percent of People with Each Score
Percentile by Number Answered
Your Score History
You have not taken this quiz